00981nas a2200229Ia 4500001001100000003000900011008004100020040001300061040001300074041001300087100004500100210002000145222002000165245007700185250001100262260002800273501008600301300001800387362004600405500026400451650003600715R012/42598IT-RoPAU151124c99999999xx |||||||||||| ||und|| aIT-RoPAU cIT-RoPAU aITALIANO aCalabrese OmargCodice Aut. SPICS: 8617 aCINEMA & CINEMA aCinema & Cinema aCINEMA & CINEMA, ANNO 10-N.35/36 (APRILE-SETTEMBRE 1983)bReplicanti (I) a1a ed. aVENEZIAbMARSILIOc1983 bPaulus - SPICS - Società San Paolo EM (non-commercial uses only)cCopyright2015 a15 p. [25-39] aANNO 010, N.35/36 (APRILE-SETTEMBRE 1983) aRelazione Tenuta al Convegno Ripetitività e Serializzazione nel Cinema e nella Televisione Svoltosi a Urbino. Estetica della Ripetizione. Ordine della Ripetizione nella Storia del Telefilm. Racconto Elettronico. Esempi di Serialità nella Televisione: il T aCINEMAvPUBBLICAZIONE PERIODICA